Monks of Kublai Khan Emperor of China (Record no. 1492)
[ view plain ]
| 000 -LEADER | |
|---|---|
| fixed length control field | 00626nam a2200253 a 4500 |
| 020 ## - INTERNATIONAL STANDARD BOOK NUMBER | |
| ISBN | |
| 082 00 - DEWEY DECIMAL CLASSIFICATION NUMBER | |
| Classification number | 275.1 |
| Author Cutter | BUD |
| 100 ## - MAIN ENTRY--AUTHOR NAME | |
| Author name | Budge, E A Williams |
| 245 ## - TITLE STATEMENT | |
| Title | Monks of Kublai Khan Emperor of China |
| 260 ## - PUBLICATION, DISTRIBUTION, ETC. (IMPRINT) | |
| Place of publication | Paternoster |
| Name of publisher | Religioud Tract Society |
| Year of publication | 1928 |
| 300 ## - PHYSICAL DESCRIPTION | |
| Number of Pages | 335p |
| 500 ## - GENERAL NOTE | |
| General note | includes index and biblioraphy |
| 505 2# - FORMATTED CONTENTS NOTE | |
| Formatted contents note | Index |
| 650 ## - SUBJECT ADDED ENTRY--TOPICAL TERM | |
| Topical Term | Church-China |
| 650 ## - SUBJECT ADDED ENTRY--TOPICAL TERM | |
| Topical Term | Kublai Khan |
| 942 ## - ADDED ENTRY ELEMENTS (KOHA) | |
| Koha item type | Books |
| 700 1# - | |
| -- | Budge, E A Williams |
| Collection code | Home library | Current library | Date acquired | Cost, normal purchase price | Full call number | Accession Number | Koha item type |
|---|---|---|---|---|---|---|---|
| Henry Martyn Institute Library | Henry Martyn Institute Library | 07/18/2007 | 100.00 | 275.1 BUD | 01035 | Books |
